| 000 | 01006nam a22002777a 4500 | ||
|---|---|---|---|
| 003 | dpl | ||
| 005 | 20180704125341.0 | ||
| 008 | 180704b xxu||||| |||| 00| 0 eng d | ||
| 010 | _aA-988890 | ||
| 020 | _c95.00 | ||
| 035 | _aA-988890, A-988899 | ||
| 037 | _bCen Lib/Ret | ||
| 040 |
_aDPL _bHN _c0 |
||
| 082 |
_aउ _bशौकत |
||
| 100 |
_aशौकत थानवी _952868 |
||
| 245 |
_aखानम खां / _cशौकत थानवी |
||
| 246 |
_aKhanam khan / _bby Shaukat Thanvi |
||
| 260 |
_aदिल्ली _bआधुनिक प्रकाशन _c1999 |
||
| 270 |
_bदिल्ली _a4-B/6, गुरुद्वारा मौहल्ला, मौजपुर _e110053 |
||
| 300 |
_a95पृ. _c21सेमी (सजिल्द) |
||
| 650 |
_aहिन्दी साहित्य _952869 |
||
| 650 |
_aउपन्यास _952870 |
||
| 650 |
_aHindi literature _952871 |
||
| 650 |
_aNovel _922513 |
||
| 942 |
_2ddc _cHN _hउ _mशौकत |
||
| 999 |
_c113575 _d113575 |
||